Možnosti a miery uplatnenia prvkov ASR v riadení chozrasčotnej sféry čiastková výskumná úloha SPEV 902-533-107/5

Gespeichert in:
Bibliographische Detailangaben
1. Verfasser: Štefánek, Ján
Weitere Verfasser: Kvietková, Anna
Format: Buch
Sprache:Slowakisch
Veröffentlicht: Bratislava VŠE 1987
Tags: Tag hinzufügen
Keine Tags, Fügen Sie das erste Tag hinzu!

MARC

LEADER 00000nam a2200000 4500
001 c032405
005 20260325125531.7
041 0 |a slo 
044 |a SK 
245 1 0 |a Možnosti a miery uplatnenia prvkov ASR v riadení chozrasčotnej sféry  |b čiastková výskumná úloha SPEV 902-533-107/5  |c Ján Štefánek, Anna Kvietková 
264 1 |a Bratislava  |b VŠE  |c 1987 
300 |a 32 s. 
100 1 |a Štefánek, Ján 
700 1 |a Kvietková, Anna